000 00894cam a2200289 i 4500
001 21891095
003 OSt
005 20240718122638.0
008 210203s2020 nyua b 001 0 eng
010 _a 2020303435
020 _a9781617296192
040 _aDLC
_beng
_erda
_cDLC
042 _apcc
050 0 0 _aTA1634
_b.E44 2020
100 1 _aElgendy, Mohamed,
245 1 0 _aDeep learning for vision systems /
_cMohamed Elgendy.
264 1 _aShelter Island, NY :
_bManning Publications Co.,
_c2020
300 _axx, 458 p:
336 _atext
_btxt
_2rdacontent
337 _aunmediated
_bn
_2rdamedia
338 _avolume
_bnc
_2rdacarrier
504 _aIncludes bibliographical references and index.
650 0 _aComputer vision.
906 _a7
_bcbc
_corignew
_d2
_encip
_f20
_gy-gencatlg
942 _2lcc
_cBK
999 _c20489
_d20488